| 000 | 00749nam a22001937a 4500 | ||
|---|---|---|---|
| 999 |
_c166803 _d166803 |
||
| 010 | _aENG-126149 | ||
| 020 |
_a9789388398084 _c300.00 |
||
| 035 | _aEN-109681 | ||
| 037 | _bDBAD/PUB | ||
| 082 | _a332.671 | ||
| 100 | _aEdward,Shobha | ||
| 245 |
_aForeign Direct Investment In Automobile Industry: _cedited byShobha Edward [and] V.Manickavasagam _bA Study With Reffrence To Hyundai Motor India Ltd/ |
||
| 260 |
_aTamil Nadu _bShanlax Publications _c2018 |
||
| 270 |
_a61, T.P.K. Main Road Vasantha Nagar _bMadurai _e625003 _mpublisher@shanlaxpublications.com _k0452-4208765 |
||
| 300 |
_a330p. _b22cm(pbk) |
||
| 500 | _ait includes bibliography | ||
| 700 | _aShobha Edward[and] V.Manickvasagam | ||
| 942 |
_2ddc _cEN _h332.671 _mEDW |
||